| 000 | 00684nam a2200241 a 4500 | ||
|---|---|---|---|
| 001 | 000001415 | ||
| 005 | 20200929145555.0 | ||
| 008 | 921007s1970 sp 000 f spa d | ||
| 040 |
_aDO-SdBNP _cDLC |
||
| 082 |
_a863.5 _bP438d, 1970 |
||
| 100 | 1 |
_aPérez Galdós, Benito, _d1843-1920. _93681 |
|
| 245 | 1 | 3 |
_aLa desheredada / _cBenito Pérez Galdós. |
| 250 | _a2a ed. | ||
| 260 |
_aMadrid : _bAlianza, _c1970. |
||
| 300 |
_a486 p. ; _c19 cm. |
||
| 490 | 1 |
_aLibro de bolsillo _v98 |
|
| 650 | 4 |
_aNovela española _91123 |
|
| 650 | 4 |
_aLiteratura española _9632 |
|
| 830 | 0 |
_aLibro de bolsillo; _v98 _94727 |
|
| 910 | _aCatalogación por copia / LC | ||
| 910 | _aWM | ||
| 049 | _aBNGR | ||
| 999 |
_c1336 _d1336 |
||